000 00530nam a2200169Ia 4500
008 220216s9999 xx 000 0 und d
100 _aLieu H T
245 0 _aIdentification of rubber clones (Hevea brasiliensis) using inter simple sequence repeat (ISSR) markers
260 _bIRRDB International Rubber Conference 14-17 December 2011,Chiang
650 _aClonal identification
650 _aHevea brasiliensis
650 _aISSR markers
700 _aLam L V
700 _aTrang L T T
700 _aTuy L M
942 _cJS
999 _c60665
_d60665